Professional XML (Record no. 53062)

MARC details
000 -LEADER
fixed length control field 01204nam a2200349Ia 4500
003 - CONTROL NUMBER IDENTIFIER
control field OSt
005 - DATE AND TIME OF LATEST TRANSACTION
control field 20220912150716.0
008 - FIXED-LENGTH DATA ELEMENTS--GENERAL INFORMATION
fixed length control field 220909b |||||||| |||| 00| 0 eng d
020 ## - INTERNATIONAL STANDARD BOOK NUMBER
International Standard Book Number 8173662037 (pbk)
037 ## - SOURCE OF ACQUISITION
Terms of availability Textual
040 ## - CATALOGING SOURCE
Original cataloging agency CSL
Language of cataloging eng
Transcribing agency CSL
041 ## - LANGUAGE CODE
Language code of text/sound track or separate title eng
100 ## - MAIN ENTRY--PERSONAL NAME
Personal name Birbeck Mark
245 #0 - TITLE STATEMENT
Title Professional XML
250 ## - EDITION STATEMENT
Edition statement 2
260 ## - PUBLICATION, DISTRIBUTION, ETC.
Place of publication, distribution, etc. Berkeley
Name of publisher, distributor, etc. Apres
Date of publication, distribution, etc. 2001
300 ## - PHYSICAL DESCRIPTION
Extent xiii, 1269p.
Dimensions cm.
500 ## - GENERAL NOTE
General note Index 1221-1268p.
-- cm.
650 ## - SUBJECT ADDED ENTRY--TOPICAL TERM
Topical term or geographic name entry element XML
650 ## - SUBJECT ADDED ENTRY--TOPICAL TERM
Topical term or geographic name entry element Computer science
700 ## - ADDED ENTRY--PERSONAL NAME
Personal name Diamond Jason
700 ## - ADDED ENTRY--PERSONAL NAME
Personal name Duckett Jon
700 ## - ADDED ENTRY--PERSONAL NAME
Personal name Gudmundsson Oli Gauti
700 ## - ADDED ENTRY--PERSONAL NAME
Personal name Kobak Pete
942 ## - ADDED ENTRY ELEMENTS (KOHA)
Classification part D65,8(B)92XM, P1 TD
Koha item type Textual
Source of classification or shelving scheme Colon Classification (CC)
Holdings
Withdrawn status Lost status Damaged status Not for loan Home library Current library Date acquired Source of acquisition Total Checkouts Full call number Barcode Date last seen Price effective from Koha item type
        Central Science Library Central Science Library 2022-09-12 32505, 20/12/2005, Shroff Publishers & Distributors Pvt Ltd   D65,8(B)92XM P1 TD SL1292856 2022-09-12 2022-09-12 Textual
Copyright @ Delhi University Library System